| 000 | 00763nam a22002057a 4500 | ||
|---|---|---|---|
| 999 |
_c191614 _d191614 |
||
| 005 | 20220830145508.0 | ||
| 010 | _aENG-134794 | ||
| 020 |
_c900.00 _a9789381574706 |
||
| 035 | _aEN-118326 | ||
| 037 |
_bDBAD/PUB _a- |
||
| 082 | _a381.09165 | ||
| 245 |
_aSubversive Sovereigns Across the Seas: _bIndian ocean ports of trade from early historic times to late colonialism/ _ced by Kenneth R. Hall, Rila Mukherjee, and Suchandra ghosh |
||
| 260 |
_aKolkata _bThe Asiatic Society _c2017 |
||
| 270 |
_aThe Asiatic Society 1 Park Street _bKolkata _e700016 |
||
| 300 |
_a289p. _bIndex, List of contributers _c21cm(hb) |
||
| 700 | _aHall, R. Kenneth | ||
| 700 | _aMukherjee, Rila | ||
| 700 | _aGhosh, Suchandra | ||
| 942 |
_2ddc _cEN _h381.09165 _mSUB |
||